000 00689nam a2200241 a 4500
001 BRL_722
005 20190320210852.0
008 300913s1941----nyuao#####---#000-0#eng-#
041 _aeng
044 _anyu
050 4 _aRC683
_b.A84 1941
100 1 _aAshman, Richard
_d1890-
_924749
245 1 0 _aEssentials of Electrocardiography
_cby Richard Ashman and Edgar Hull.
250 _a2a ed.
260 _aNew York
_bThe Macmillan Company
_c1941
300 _aviii, 373 p.
_bil.
_c22 cm.
500 _aAu843
650 1 4 _aCorazón
_xEnfermedades - Diagnóstico
_924750
650 1 4 _aElectrodiagnóstico
_924751
700 1 _aHull, Edgar
_d1904-
_924752
902 _aGRL
942 _2lcc
_cB
999 _c9534
_d9534